| Tag |
First Indicator |
Second Indicator |
Subfields |
| LEADER |
00000cam a2200000 i 4500 |
| 001 |
in00004663713 |
| 008 |
100804s2010 nyu e 000 1 eng |
| 005 |
20230414155552.9 |
| 010 |
|
|
|a 2012656770
|
| 035 |
|
|
|a (OCoLC)ocn617579594
|
| 040 |
|
|
|a UKM
|b eng
|e rda
|c UKM
|d BTCTA
|d YDXCP
|d OEM
|d BKX
|d ORX
|d OCLCQ
|d BDX
|d DLC
|d OCLCF
|d OCLCO
|d OCLCQ
|d DCB
|d OCL
|d DE#
|d ZQP
|d OCLCO
|d ZAC
|d UNITY
|d OCLCO
|d IOS
|d OCLCO
|d OCL
|
| 015 |
|
|
|a GBB095090
|2 bnb
|
| 016 |
7 |
|
|a 015623391
|2 Uk
|
| 019 |
|
|
|a 865337908
|
| 020 |
|
|
|a 9780356500126
|q (pbk.)
|
| 020 |
|
|
|a 0356500128
|q (pbk.)
|
| 020 |
|
|
|a 9780316069083
|q (pbk.)
|
| 020 |
|
|
|a 0316069086
|q (pbk.)
|
| 035 |
|
|
|a (OCoLC)617579594
|z (OCoLC)865337908
|
| 050 |
1 |
4 |
|a PS3601.A76
|b S64 2010
|
| 082 |
0 |
4 |
|a 813/.6
|2 22
|
| 100 |
1 |
|
|a Aaron, Rachel,
|e author.
|
| 245 |
1 |
4 |
|a The spirit eater /
|c Rachel Aaron.
|
| 250 |
|
|
|a First edition.
|
| 264 |
|
1 |
|a New York, NY :
|b Orbit / Hachette Book Group,
|c 2010.
|
| 300 |
|
|
|a 435 pages ;
|c 18 cm.
|
| 336 |
|
|
|a text
|b txt
|2 rdacontent
|
| 337 |
|
|
|a unmediated
|b n
|2 rdamedia
|
| 338 |
|
|
|a volume
|b nc
|2 rdacarrier
|
| 490 |
1 |
|
|a The legend of Eli Monpress ;
|v bk. 3
|
| 520 |
|
|
|a Eli Monpress and his companions try to lie low, but find their dreams of relaxation shattered by Nico, who is plagued by a demon's voice in her head, and the arrival of Pele, who needs their help to find her missing father.
|
| 650 |
|
0 |
|a Thieves
|v Fiction.
|
| 650 |
|
0 |
|a Demonology
|v Fiction.
|
| 650 |
|
0 |
|a Missing persons
|x Investigation
|v Fiction.
|
| 650 |
|
0 |
|a Vacations
|v Fiction.
|
| 650 |
|
6 |
|a Voleurs
|v Romans, nouvelles, etc.
|
| 650 |
|
6 |
|a Démonologie
|v Romans, nouvelles, etc.
|
| 650 |
|
6 |
|a Personnes disparues
|x Enquêtes
|v Romans, nouvelles, etc.
|
| 650 |
|
7 |
|a Demonology.
|2 fast
|0 (OCoLC)fst00890199
|
| 650 |
|
7 |
|a Missing persons
|x Investigation.
|2 fast
|0 (OCoLC)fst01023707
|
| 650 |
|
7 |
|a Thieves.
|2 fast
|0 (OCoLC)fst01149995
|
| 650 |
|
7 |
|a Vacations.
|2 fast
|0 (OCoLC)fst01163528
|
| 650 |
|
7 |
|a Thieves
|v Fiction.
|2 sears
|
| 650 |
|
7 |
|a Wizards
|v Fiction.
|2 sears
|
| 655 |
|
7 |
|a Novels.
|2 fast
|0 (OCoLC)fst01921742
|
| 655 |
|
7 |
|a novels.
|2 aat
|
| 655 |
|
7 |
|a Fantasy fiction.
|2 fast
|0 (OCoLC)fst01726607
|
| 655 |
|
7 |
|a Fiction.
|2 fast
|0 (OCoLC)fst01423787
|
| 655 |
|
7 |
|a Fantasy fiction.
|2 gsafd
|
| 655 |
|
7 |
|a Fantasy fiction.
|2 lcgft
|
| 655 |
|
7 |
|a Fiction.
|2 lcgft
|
| 655 |
|
7 |
|a Novels.
|2 lcgft
|
| 655 |
|
7 |
|a Romans.
|2 rvmgf
|
| 800 |
1 |
|
|a Aaron, Rachel.
|t Legend of Eli Monpress ;
|v bk. 3.
|
| 938 |
|
|
|a Brodart
|b BROD
|n 11584106
|c $7.99
|
| 938 |
|
|
|a Baker and Taylor
|b BTCP
|n BK0008973630
|
| 938 |
|
|
|a YBP Library Services
|b YANK
|n 100547055
|
| 938 |
|
|
|a YBP Library Services
|b YANK
|n 8528041
|
| 029 |
1 |
|
|a AU@
|b 000046297040
|
| 029 |
1 |
|
|a CBK
|b 122277910
|
| 029 |
1 |
|
|a NOK
|b 0356500128
|
| 029 |
1 |
|
|a NZ1
|b 13475939
|
| 029 |
1 |
|
|a UKBCI
|b 122277910
|
| 029 |
1 |
|
|a UKBNS
|b 122277910
|
| 029 |
1 |
|
|a UKBOR
|b 122277910
|
| 029 |
1 |
|
|a UKDEL
|b 122277910
|
| 029 |
1 |
|
|a UKDON
|b 0356500128
|
| 029 |
1 |
|
|a UKDOR
|b 122277910
|
| 029 |
1 |
|
|a UKPMH
|b 0356500128
|
| 029 |
1 |
|
|a UKPMH
|b 122277910
|
| 029 |
1 |
|
|a UKSCO
|b 122277910
|
| 029 |
1 |
|
|a UKSGC
|b 122277910
|
| 029 |
1 |
|
|a UKSOM
|b 122277910
|
| 029 |
1 |
|
|a UKTLS
|b 122277910
|
| 029 |
1 |
|
|a UNITY
|b 122277910
|
| 994 |
|
|
|a Z0
|b TXA
|
| 948 |
|
|
|h HELD BY TXA - 227 OTHER HOLDINGS
|
| 999 |
f |
f |
|s 0f75c5d4-8f5e-48b6-b283-98fa3a30bfea
|i a8d2bb77-10a8-4c31-bb99-ead233aeed3c
|t 0
|
| 952 |
f |
f |
|p noncirc
|a Texas A&M University
|b College Station
|c Cushing Memorial Library & Archives
|d Cushing: Science Fiction (Does not check out)
|t 0
|e PS3601.A76 S64 2010
|h Library of Congress classification
|i unmediated -- volume
|m A1485296158G
|
| 998 |
f |
f |
|a PS3601.A76 S64 2010
|t 0
|l Cushing: Science Fiction (Does not check out)
|